| 000 | 00569nam a2200181Ia 4500 | ||
|---|---|---|---|
| 003 | IN-BaIIA | ||
| 008 | 211028s9999 xx 000 0 eng d | ||
| 020 | _a90-277-2322-2 | ||
| 040 | _cIIA Library | ||
| 080 |
_a58.7 _bIAU |
||
| 110 | _aInternational Astronomical Union | ||
| 245 | 0 |
_aAlphabetical List of Members _cInternational Astronomical Union |
|
| 260 |
_aBombay _bInternational Astronomical Union _c1986 |
||
| 300 | _a654p. | ||
| 650 | _aAstronomy and Astrophysics Thesaurus | ||
| 650 |
_aDirectory-IAU Members _915006 |
||
| 942 | _cBK | ||
| 999 |
_c8930 _d8930 |
||